[Event "Nuremberg op"]
[Site "Nuremberg"]
[Date "2019.11.17"]
[Round "4"]
[White "Klein, Rainer"]
[Black "Weigert, Wilhelm"]
[Result "1/2-1/2"]
[WhiteElo "1632"]
[BlackElo "1873"]
[PlyCount "143"]
[EventDate "2019.11.15"]
[EventType "swiss"]
[EventRounds "5"]
[EventCountry "GER"]
[SourceTitle "CBM 193 Extra"]
[Source "ChessBase"]
[SourceDate "2020.01.31"]
[SourceVersion "1"]
[SourceVersionDate "2020.01.31"]
[SourceQuality "1"]

1. d4 Nf6 2. Nf3 g6 3. c3 Bg7 4. Nbd2 d5 5. e3 0-0 6. Bd3 Nc6 7. 0-0 Qd6 8. e4 dxe4 9. Nxe4 Nxe4 10. Bxe4 Bg4 11. h3 Bd7 12. Qe2 Rad8 13. Bg5 h6 14. Bh4 f5 15. Bxc6 Qxc6 16. Ne5 Qe6 17. f4 Bxe5 18. Qxe5 Qxe5 19. dxe5 Kf7 20. c4 Bc6 21. Rfd1 Ke6 22. Bf2 g5 23. g3 gxf4 24. gxf4 Rg8+ 25. Kf1 Bg2+ 26. Ke2 Rxd1 27. Rxd1 Bxh3 28. Rg1 Bg4+ 29. Ke3 Kd7 30. Kd4 Kc6 31. Bh4 e6 32. Rg2 Rg7 33. Rd2 Bf3 34. Ke3 Be4 35. Rh2 Rg2 36. Rxg2 Bxg2 37. Kd4 a5 38. b3 Be4 39. a3 b5 40. cxb5+ Kxb5 41. Bd8 h5 42. Be7 Bc2 43. Kc3 Bd1 44. a4+ Kc6 45. Kc4 Be2+ 46. Kd4 Kd7 47. Bh4 Kc6 48. Be1 Kb6 49. Bf2 c5+ 50. Kc3 Kc6 51. Kd2 Bf1 52. Be1 Kd5 53. Ke3 c4 54. bxc4+ Bxc4 55. Bxa5 h4 56. Be1 h3 57. Bg3 Kc5 58. Kf2 Kb4 59. Kg1 Kxa4 60. Kh2 Bf1 61. Bh4 Kb4 62. Be7+ Kc4 63. Bg5 Kd4 64. Bh6 Ke3 65. Kg3 Bg2 66. Bg5 Ke2 67. Kh2 Kf3 68. Bh6 Bf1 69. Bg5 Kg4 70. Bh6 Kh4 71. Bg5+ Kh5 72. Be7 1/2-1/2

[Event "Nuremberg op"]
[Site "Nuremberg"]
[Date "2019.11.16"]
[Round "3"]
[White "Neuhoff, Laertes"]
[Black "Weigert, Wilhelm"]
[Result "0-1"]
[WhiteElo "1497"]
[BlackElo "1873"]
[PlyCount "62"]
[EventDate "2019.11.15"]
[EventType "swiss"]
[EventRounds "5"]
[EventCountry "GER"]
[SourceTitle "CBM 193 Extra"]
[Source "ChessBase"]
[SourceDate "2020.01.31"]
[SourceVersion "1"]
[SourceVersionDate "2020.01.31"]
[SourceQuality "1"]

1. d4 Nf6 2. c4 c5 3. d5 b5 4. cxb5 a6 5. bxa6 Bxa6 6. Nc3 d6 7. e4 Bxf1 8. Kxf1 g6 9. Nf3 Bg7 10. g3 Nbd7 11. Kg2 0-0 12. Re1 Qb6 13. Qc2 Rfb8 14. b3 Qa6 15. Bb2 Ng4 16. Nd2 Nge5 17. Re3 Nb6 18. f4 Ng4 19. Ree1 Bd4 20. Nd1 Rc8 21. h3 Nf6 22. Bxd4 cxd4 23. Qb2 Qd3 24. Re3 dxe3 25. Nf3 Rc2+ 26. Qxc2 Qxc2+ 27. Kf1 e2+ 28. Ke1 exd1R+ 29. Rxd1 Nxe4 30. Nd2 Rxa2 31. Nxe4 Qe2# 0-1

[Event "Leipzig VfB op 25th"]
[Site "Leipzig"]
[Date "2018.03.22"]
[Round "4"]
[White "Weigert, Wilhelm"]
[Black "Fischbach, Rainer"]
[Result "0-1"]
[WhiteElo "1952"]
[BlackElo "1853"]
[PlyCount "94"]
[EventDate "2018.03.20"]
[EventType "swiss"]
[EventRounds "9"]
[EventCountry "GER"]
[SourceTitle "CBM 183 Extra"]
[Source "ChessBase"]
[SourceDate "2018.04.19"]
[SourceVersion "1"]
[SourceVersionDate "2018.04.19"]
[SourceQuality "1"]

1. c4 e5 2. Nc3 Nc6 3. Nf3 d6 4. d4 exd4 5. Nxd4 Nf6 6. g3 Nxd4 7. Qxd4 c6 8. Bg2 Be7 9. 0-0 0-0 10. Bf4 Nh5 11. Be3 Qc7 12. Rfd1 Rd8 13. Rac1 Bf5 14. Bf3 Nf6 15. b4 Ne8 16. b5 Bf6 17. Qf4 Bxc3 18. Rxc3 Be6 19. Bd4 c5 20. Be3 a5 21. a4 Ra7 22. Qh4 f6 23. Be4 g6 24. Bd5 Bxd5 25. Rxd5 Qe7 26. Rcd3 b6 27. Qg4 Nc7 28. Rf5 Qe6 29. Rf4 Qxg4 30. Rxg4 Ne6 31. Re4 Kf7 32. Bc1 Rad7 33. Bb2 d5 34. cxd5 Rxd5 35. Rde3 Re8 36. h4 Rd2 37. Bc3 Rd5 38. g4 Nc7 39. Rf4 f5 40. Rxe8 Kxe8 41. gxf5 gxf5 42. e4 fxe4 43. Rxe4+ Kf7 44. Rf4+ Ke7 45. Bf6+ Ke6 46. Bc3 Rd1+ 47. Kg2 Nd5 0-1

[Event "Oberpfalz-ch M1"]
[Site "Sinzing"]
[Date "2014.04.15"]
[Round "7"]
[White "Paar, Johannes"]
[Black "Weigert, Wilhelm"]
[Result "1/2-1/2"]
[WhiteElo "1965"]
[BlackElo "2047"]
[PlyCount "54"]
[EventDate "2014.04.12"]
[EventType "swiss"]
[EventRounds "8"]
[EventCountry "GER"]
[SourceTitle "EXT 2022"]
[Source "ChessBase"]
[SourceDate "2021.10.06"]
[SourceVersion "1"]
[SourceVersionDate "2021.10.06"]
[SourceQuality "1"]

1. d4 c5 2. d5 d6 3. c4 g6 4. Nc3 Bg7 5. Bd2 e6 6. e4 Nf6 7. dxe6 fxe6 8. Nf3 Nc6 9. Be2 0-0 10. Bg5 h6 11. Be3 Ng4 12. 0-0 Nxe3 13. fxe3 Ne5 14. Qd2 a6 15. Rad1 Nxf3+ 16. gxf3 b5 17. Qxd6 Qg5+ 18. Qg3 Qxe3+ 19. Kh1 b4 20. Rd3 Qf4 21. Qxf4 Rxf4 22. Rd8+ Rf8 23. Rxf8+ Kxf8 24. Na4 Bd4 25. Nb6 Rb8 26. Nxc8 Rxc8 27. b3 Ke7 1/2-1/2

[Event "Leipzig VfB op 21st"]
[Site "Leipzig"]
[Date "2014.03.08"]
[Round "7"]
[White "Deubler, Bastian"]
[Black "Weigert, Wilhelm"]
[Result "1-0"]
[WhiteElo "1936"]
[BlackElo "2047"]
[PlyCount "37"]
[EventDate "2014.03.04"]
[EventType "tourn"]
[EventRounds "9"]
[EventCountry "GER"]
[SourceTitle "CBM 159 Extra"]
[Source "ChessBase"]
[SourceDate "2014.04.24"]
[SourceVersion "1"]
[SourceVersionDate "2014.04.24"]
[SourceQuality "1"]

1. e4 d6 2. d4 Nf6 3. Nc3 g6 4. f4 Bg7 5. Nf3 c5 6. d5 0-0 7. Bd3 b5 8. e5 dxe5 9. fxe5 Ng4 10. Bxb5 Nxe5 11. Nxe5 Bxe5 12. 0-0 Qc7 13. Qf3 Bb7 14. Bh6 Bg7 15. Bxg7 Kxg7 16. Rae1 Na6 17. Ne4 Nb4 18. Qc3+ Kg8 19. d6 1-0

[Event "Landesliga Nord 1314"]
[Site "Bayern"]
[Date "2014.01.19"]
[Round "5.8"]
[White "Lukas, Norbert"]
[Black "Weigert, Wilhelm"]
[Result "0-1"]
[WhiteElo "2064"]
[BlackElo "2021"]
[PlyCount "82"]
[EventDate "2013.10.13"]
[EventType "team"]
[EventRounds "9"]
[EventCountry "GER"]
[SourceTitle "EXT 2015"]
[Source "ChessBase"]
[SourceDate "2014.11.20"]
[SourceVersion "1"]
[SourceVersionDate "2014.11.20"]
[SourceQuality "1"]
[WhiteTeam "Schweinfurt"]
[BlackTeam "Kelheim"]
[WhiteTeamCountry "GER"]
[BlackTeamCountry "GER"]

1. e4 d6 2. d4 Nf6 3. Nc3 g6 4. Be3 c6 5. Qd2 b5 6. Bd3 Nbd7 7. Nge2 Bb7 8. Ng3 Qc7 9. 0-0 Ng4 10. f4 Nxe3 11. Qxe3 Bg7 12. e5 0-0-0 13. Nce2 f5 14. a4 b4 15. c3 bxc3 16. bxc3 dxe5 17. fxe5 Nb6 18. a5 Nd5 19. Qf3 Nxc3 20. Bxf5+ gxf5 21. Qxc3 Ba6 22. Rxf5 e6 23. Rf2 Rhf8 24. Rxf8 Bxf8 25. Rc1 Bh6 26. Rf1 Qd7 27. Qb3 Rf8 28. Rb1 Kd8 29. Qc3 Qd5 30. Rb8+ Bc8 31. h3 Kc7 32. Qb4 c5 33. dxc5 Be3+ 34. Kh1 Rf2 35. Ne4 Rf1+ 36. Kh2 Qxe5+ 37. g3 Bxc5 38. Qc4 Kxb8 39. Nxc5 Rf2+ 40. Kg1 Rxe2 41. Qb5+ Kc7 0-1

[Event "Regionalliga NO 1011"]
[Site "Bayern"]
[Date "2010.10.24"]
[Round "2.3"]
[White "Weigert, Wilhelm"]
[Black "Weigel, Robert"]
[Result "1-0"]
[WhiteElo "1807"]
[BlackElo "2108"]
[PlyCount "56"]
[EventDate "2010.10.10"]
[EventType "team-tourn"]
[EventRounds "9"]
[EventCountry "GER"]
[SourceTitle "EXT 2012"]
[Source "ChessBase"]
[SourceDate "2011.11.24"]
[SourceVersion "1"]
[SourceVersionDate "2011.11.24"]
[SourceQuality "1"]
[WhiteTeam "Kelheim II"]
[BlackTeam "Forchheim II"]
[WhiteTeamCountry "GER"]
[BlackTeamCountry "GER"]

1. c4 Nf6 2. Nc3 c5 3. g3 d5 4. cxd5 Nxd5 5. Bg2 Nc7 6. Nf3 Nc6 7. a3 g6 8. d3 Bg7 9. Be3 b6 10. Qa4 Bd7 11. Qh4 e5 12. Bg5 f6 13. Bh6 0-0 14. Bxg7 Kxg7 15. g4 Ne6 16. e3 Qe7 17. Nd2 Nc7 18. 0-0 Rad8 19. Rad1 Be8 20. Nf3 Bf7 21. g5 f5 22. Qh6+ Kg8 23. Nh4 Rd6 24. Bxc6 Bb3 25. Ba4 Bxd1 26. Bxd1 Qg7 27. Nf3 Re8 28. Qh4 Kh8 1-0

[Event "Regionalliga NO 1011"]
[Site "Bayern"]
[Date "2010.10.10"]
[Round "1.2"]
[White "Weigert, Wilhelm"]
[Black "Pokrupa, Marek"]
[Result "1/2-1/2"]
[WhiteElo "1807"]
[BlackElo "2129"]
[PlyCount "103"]
[EventDate "2010.10.10"]
[EventType "team-tourn"]
[EventRounds "9"]
[EventCountry "GER"]
[SourceTitle "EXT 2012"]
[Source "ChessBase"]
[SourceDate "2011.11.24"]
[SourceVersion "1"]
[SourceVersionDate "2011.11.24"]
[SourceQuality "1"]
[WhiteTeam "Kelheim II"]
[BlackTeam "Weiden"]
[WhiteTeamCountry "GER"]
[BlackTeamCountry "GER"]

1. c4 g6 2. Nc3 c5 3. g3 Bg7 4. Bg2 Nc6 5. Nf3 d6 6. 0-0 e5 7. d3 Nge7 8. a3 a5 9. Bd2 0-0 10. Rb1 Rb8 11. e3 h6 12. Ne2 b5 13. b3 Be6 14. Qc2 Qd7 15. Rfd1 Bg4 16. Bc3 b4 17. axb4 Nxb4 18. Bxb4 Rxb4 19. Nc3 Rfb8 20. Nb5 d5 21. Re1 Rd8 22. Qa2 e4 23. dxe4 dxe4 24. Nh4 g5 25. Bxe4 gxh4 26. Qxa5 Nc6 27. Bxc6 Qe7 28. Qc7 Qxc7 29. Nxc7 Rc8 30. Nd5 Rxc6 31. Ne7+ Kf8 32. Nxc6 Rb6 33. Na7 Bc3 34. Rec1 Bd2 35. Rc2 Bf5 36. Rxd2 Bxb1 37. Nb5 Be4 38. Rb2 Ra6 39. f3 Bxf3 40. Kf2 Rf6 41. gxh4 Bc6+ 42. Ke2 Rg6 43. Kd3 Rg4 44. Rf2 Bxb5 45. cxb5 Rb4 46. Rf5 Rxb5 47. Kc4 Rb4+ 48. Kc3 Rxh4 49. Rxc5 Rxh2 50. b4 Re2 51. Kd4 Rd2+ 52. Ke4 1/2-1/2